| 000 | 00423nam a2200169 a 4500 | ||
|---|---|---|---|
| 005 | 20140412111420.0 | ||
| 008 | 070906s19uu xx 00 eng d | ||
| 020 | _a1-86007-852-4 | ||
| 050 |
_aM 508.3146 _bB35 2006 |
||
| 245 | _aBeach. | ||
| 260 |
_aBritain : _bTicktock Media, _c2006. |
||
| 300 | _a24 | ||
| 440 | _aWhat can you see? | ||
| 650 |
_aBeaches _xJuvenile literature |
||
| 999 |
_c105990 _d105990 |
||